| 000 | 00000nam##2200000za#4500 |
| 001 | 9.647950 |
| 003 | CaOODSP |
| 005 | 20210615112849 |
| 007 | ta |
| 008 | 150407|2001||||xxc||||| f|0| 0 eng|d |
| 020 | |a0-662-29642-7 |
| 040 | |aCaOODSP|beng |
| 043 | |an-cn--- |
| 086 | 1 |aSW21-54/2000E |
| 110 | 1 |aCanada. |bStatus of Women Canada. |
| 245 | 10|aSponsorship...for better or for worse : |bthe impact of sponsorship on the equality rights of immigrant women / |cby Andrée Côté, Michèle Kérisit and Marie-Louise Côté. |
| 260 | |aOttawa - Ontario : |bStatus of Women Canada |c2001. |
| 300 | |a237p. : |c28 cm. |
| 504 | |aBibliography. |
| 563 | |aSoftcover |
| 590 | |a01-17|b2001-04-27 |
| 690 | 07|aImmigrants|2gcpds |
| 690 | 07|aWomen|2gcpds |
| 690 | 07|aSocial rights|2gcpds |
| 690 | 07|aSocial conditions|2gcpds |
| 720 | 1 |aCôté, Andrée |
| 720 | 1 |aKérisit, Michèle |
| 720 | 1 |aCôté, Marie-Louise |
| 775 | 08|tQui prends pays : |w(CaOODSP)9.681183 |
| 776 | 0#|tSponsorship... for better or for worse : |w(CaOODSP)9.688504 |